Qui sont ces joueuses de foot #1 - Statistiques

Statistiques générales
  • Ce quiz a été pris 50 fois
  • Le résultat moyen est 8 sur 16
Statistiques - réponses
Par images Réponse % Correct
Wendie Renard
93%
Sam Kerr
86%
Alexia Putellas
76%
Eve Périsset
67%
Ellie Carpenter
60%
Lindsay Horan
57%
Katie Mccabe
52%
Alessia Russo
50%
Ingrid Engen
48%
Viviane Miedema
43%
Kristie Mewis
38%
Guro Reiten
36%
Jenni Hermoso
36%
Caitlin Foord
33%
Niamh Charles
26%
Lynn Williams
19%
Aucun quiz correspondant
Distribution des résultats
% des personnes avec chaque résultat
Percentile par nombre de réponses
Votre historique - résultats
Vous n’avez pas pris ce quiz